[Event "Llinars del Valles op-A 13th"]
[Site "Llinars del Valles"]
[Date "2019.04.27"]
[Round "3"]
[White "Lorenzo Martinez, Ruben"]
[Black "Vinolas Anglada, Laura"]
[Result "1-0"]
[WhiteElo "1750"]
[BlackElo "1600"]
[PlyCount "133"]
[EventDate "2019.03.30"]
[EventType "swiss"]
[EventRounds "8"]
[EventCountry "ESP"]
[SourceTitle "EXT 2020"]
[Source "ChessBase"]
[SourceDate "2019.10.17"]
[SourceVersion "1"]
[SourceVersionDate "2019.10.17"]
[SourceQuality "1"]

1. d4 Nf6 2. Bf4 d5 3. e3 c5 4. Nf3 Nc6 5. c3 Qb6 6. Qb3 c4 7. Qc2 Bg4 8. Nbd2 e6 9. Be2 Bf5 10. Qc1 Nh5 11. Bg5 h6 12. Bh4 g5 13. Ne5 Nxe5 14. dxe5 Bg6 15. Bxh5 Bxh5 16. Bg3 Bc5 17. 0-0 Bg6 18. e4 h5 19. h3 h4 20. Bh2 0-0-0 21. b4 Be7 22. exd5 exd5 23. Nf3 Be4 24. Nd4 f5 25. exf6 Bd6 26. Bxd6 Qxd6 27. f3 Bd3 28. Re1 Qxf6 29. Re6 Qf7 30. Qa3 Kb8 31. Nb5 a6 32. Rae1 Rhe8 33. Nd6 Qxe6 34. Rxe6 Rxe6 35. Nf7 Rd7 36. Nxg5 Rg6 37. f4 Re7 38. Qa5 Rd7 39. Qc5 Rgg7 40. Nf3 Be4 41. Nxh4 Rh7 42. g3 Rdg7 43. Kf2 Rc7 44. Qd4 Rce7 45. Nf3 Rxh3 46. Qf6 Rhh7 47. Ng5 Rhg7 48. f5 Bd3 49. Ne6 Rgf7 50. Qe5+ Ka7 51. g4 Be4 52. Qd4+ Kb8 53. Nd8 Rf8 54. Qb6 Rd7 55. Nxb7 Rff7 56. Nd6+ Rb7 57. Nxb7 Rxb7 58. Qd8+ Ka7 59. f6 Rf7 60. g5 Kb7 61. Qe8 Bg6 62. Qg8 Bh5 63. Ke3 Kc6 64. Qa8+ Rb7 65. Qxa6+ Rb6 66. Qc8+ Kd6 67. Qc5+ 1-0

[Event "Llinars del Valles op-A 13th"]
[Site "Llinars del Valles"]
[Date "2019.03.30"]
[Round "1"]
[White "Lorenzo Martinez, Ruben"]
[Black "Borges Ayats, Joaquim"]
[Result "0-1"]
[WhiteElo "1750"]
[BlackElo "1968"]
[PlyCount "60"]
[EventDate "2019.03.30"]
[EventType "swiss"]
[EventRounds "8"]
[EventCountry "ESP"]
[SourceTitle "EXT 2020"]
[Source "ChessBase"]
[SourceDate "2019.10.17"]
[SourceVersion "1"]
[SourceVersionDate "2019.10.17"]
[SourceQuality "1"]

1. d4 c5 2. d5 e5 3. e4 d6 4. Bd3 g6 5. Nf3 Bg7 6. c4 Ne7 7. Nc3 0-0 8. Bd2 Na6 9. a3 f5 10. 0-0 f4 11. Nb5 Bf6 12. b4 g5 13. Ne1 g4 14. f3 h5 15. Be2 Qd7 16. bxc5 Nxc5 17. Nd3 Nxd3 18. Bxd3 a6 19. Nc3 Ng6 20. Na4 Bd8 21. Rb1 Nh4 22. Be1 Qg7 23. Bxh4 gxf3 24. Qxf3 Bxh4 25. h3 Bg4 26. hxg4 hxg4 27. Qd1 Bg3 28. Rxb7 Qg5 29. Qb3 Qh4 30. Rb1 f3 0-1

[Event "Barcelona Sant Marti op-A 20th"]
[Site "Barcelona"]
[Date "2018.07.16"]
[Round "4"]
[White "Lorenzo Martinez, Ruben"]
[Black "Palacin Martin, Ricardo"]
[Result "0-1"]
[WhiteElo "1846"]
[BlackElo "2044"]
[PlyCount "92"]
[EventDate "2018.07.13"]
[EventType "swiss"]
[EventRounds "9"]
[EventCountry "ESP"]
[SourceTitle "CBM 185 Extra"]
[Source "ChessBase"]
[SourceDate "2018.07.29"]
[SourceVersion "1"]
[SourceVersionDate "2018.07.29"]
[SourceQuality "1"]

1. d4 d5 2. Nf3 Nf6 3. Bf4 e6 4. e3 Bd6 5. Bg3 0-0 6. Bd3 b6 7. 0-0 Bb7 8. Nbd2 Ne4 9. c4 c5 10. Qc2 f5 11. Rad1 Nc6 12. a3 cxd4 13. Bxe4 fxe4 14. Nxd4 Nxd4 15. exd4 Bxg3 16. hxg3 Qf6 17. Nb1 Ba6 18. b3 Rac8 19. Nc3 b5 20. c5 b4 21. Ne2 bxa3 22. Rd2 Bxe2 23. Rxe2 Qxd4 24. Rc1 Rc6 25. Qc3 Qxc3 26. Rxc3 a5 27. f3 exf3 28. gxf3 Rfc8 29. Ra2 Rxc5 30. Rxc5 Rxc5 31. Rxa3 Kf7 32. Kf2 Kf6 33. f4 Kf5 34. Ke2 Rc3 35. Rxa5 Rxg3 36. b4 Kxf4 37. b5 Rb3 38. Kd2 d4 39. Kc2 Rb4 40. Kd3 e5 41. Ra7 e4+ 42. Kd2 Rb2+ 43. Kc1 Rxb5 44. Rxg7 Rh5 45. Rf7+ Ke3 46. Rd7 Kd3 0-1

[Event "Barcelona Sant Marti op-A 20th"]
[Site "Barcelona"]
[Date "2018.07.13"]
[Round "1"]
[White "Lorenzo Martinez, Ruben"]
[Black "Vatsal, Singhania"]
[Result "0-1"]
[WhiteElo "1846"]
[BlackElo "2194"]
[PlyCount "76"]
[EventDate "2018.07.13"]
[EventType "swiss"]
[EventRounds "9"]
[EventCountry "ESP"]
[SourceTitle "CBM 185 Extra"]
[Source "ChessBase"]
[SourceDate "2018.07.29"]
[SourceVersion "1"]
[SourceVersionDate "2018.07.29"]
[SourceQuality "1"]

1. d4 d5 2. Bf4 Nf6 3. e3 c5 4. c3 Nc6 5. Nf3 Qb6 6. Qb3 c4 7. Qc2 Bf5 8. Qc1 e6 9. Be2 h6 10. h3 Be7 11. Nbd2 Qd8 12. Ne5 Rc8 13. a4 Na5 14. 0-0 Ne4 15. Bd1 0-0 16. Bc2 Nxd2 17. Qxd2 Bxc2 18. Qxc2 Nb3 19. Ra2 Bd6 20. Qe2 Bxe5 21. dxe5 a5 22. e4 Qh4 23. Qe3 dxe4 24. Bg3 Qh5 25. Re1 Rfd8 26. Qxe4 Rd1 27. f3 Rxe1+ 28. Bxe1 Qf5 29. Qxb7 Rd8 30. Qe4 Rd1 31. Qe2 Qb1 32. Kf2 Rxe1 33. Qxe1 Qxa2 34. Qe4 Qxb2+ 35. Kg3 Qxc3 36. Qa8+ Kh7 37. Qe4+ g6 38. h4 Qd4 0-1

[Event "Santa Eulalia Vall del Tenes op 7th"]
[Site "Santa Eulalia de Roncana"]
[Date "2018.05.25"]
[Round "6.6"]
[White "Cordomi Fons, Francesco"]
[Black "Lorenzo Martinez, Ruben"]
[Result "1/2-1/2"]
[WhiteElo "1867"]
[BlackElo "1773"]
[PlyCount "121"]
[EventDate "2018.04.06"]
[EventType "swiss"]
[EventRounds "8"]
[EventCountry "ESP"]
[SourceTitle "EXT 2024"]
[Source "ChessBase"]
[SourceDate "2023.10.10"]
[SourceVersion "1"]
[SourceVersionDate "2023.10.10"]
[SourceQuality "1"]

1. e4 c5 2. Nf3 Nc6 3. d4 cxd4 4. Nxd4 g6 5. Be2 Bg7 6. c3 Nf6 7. f3 0-0 8. Be3 d5 9. Nd2 dxe4 10. fxe4 Ne5 11. 0-0 Qb6 12. Qb3 Qxb3 13. axb3 Bg4 14. h3 Bxe2 15. Nxe2 Rfd8 16. Bd4 Nc6 17. e5 Nxe5 18. Nc4 Nxc4 19. bxc4 a6 20. Ng3 Rac8 21. Rae1 Kf8 22. b3 Ng8 23. Bxg7+ Kxg7 24. Re3 Rc6 25. Rfe1 Rd7 26. Ne2 e6 27. Nd4 Rc8 28. Rf1 Ne7 29. g4 Nc6 30. Nf3 Rcd8 31. g5 Rd1 32. b4 R1d3 33. Rxd3 Rxd3 34. b5 axb5 35. cxb5 Nd8 36. c4 Rc3 37. Kg2 Rxc4 38. Rd1 Rc8 39. Rd7 Kf8 40. Rd2 Ke7 41. h4 Rc5 42. Rb2 b6 43. Nd2 Nb7 44. Ne4 Rc4 45. Nf6 Rxh4 46. Kg3 Rd4 47. Ra2 Na5 48. Rc2 Kd6 49. Kf3 Ke5 50. Rc7 Rb4 51. Rxf7 Rxb5 52. Nxh7 Kd4 53. Rf6 Nc6 54. Rxe6 Ne5+ 55. Kf4 Nd3+ 56. Kf3 Rf5+ 57. Kg3 Rf7 58. Rxb6 Rxh7 59. Rxg6 Ne5 60. Ra6 Rg7 61. Kf4 1/2-1/2

[Event "Santa Eulalia Vall del Tenes op 7th"]
[Site "Santa Eulalia de Roncana"]
[Date "2018.04.13"]
[Round "2.5"]
[White "Lorenzo Martinez, Ruben"]
[Black "Mas Recorda, Pere"]
[Result "0-1"]
[WhiteElo "1773"]
[BlackElo "1928"]
[PlyCount "78"]
[EventDate "2018.04.06"]
[EventType "swiss"]
[EventRounds "8"]
[EventCountry "ESP"]
[SourceTitle "EXT 2024"]
[Source "ChessBase"]
[SourceDate "2023.10.10"]
[SourceVersion "1"]
[SourceVersionDate "2023.10.10"]
[SourceQuality "1"]

1. d4 d5 2. Bf4 e6 3. e3 Bd6 4. Bg3 Nf6 5. Bd3 c5 6. c3 Nc6 7. Nf3 Ne4 8. Nbd2 f5 9. Ne5 0-0 10. f4 cxd4 11. exd4 Bxe5 12. dxe5 Qb6 13. Bxe4 fxe4 14. Nb3 Bd7 15. Qe2 Ne7 16. Bf2 Qd8 17. Be3 b6 18. 0-0 Nf5 19. Nd4 Qe8 20. Rf2 Rc8 21. Nxf5 Rxf5 22. g4 Rf8 23. Kh1 Qe7 24. g5 Be8 25. Rg1 Bg6 26. h4 Qe8 27. Rg3 Bh5 28. Qf1 Rf5 29. Qh3 Qa4 30. b3 Qb5 31. Bd4 Rcf8 32. Be3 Bf3+ 33. Kg1 Qd3 34. Bd4 Qb1+ 35. Rf1 Qxa2 36. c4 dxc4 37. Ra1 Qd2 38. Bf2 cxb3 39. Qf1 b2 0-1

[Event "Roncana op-C 5th"]
[Site "Santa Eulalia de Roncana"]
[Date "2011.11.26"]
[Round "8"]
[White "Lorenzo Martinez, Ruben"]
[Black "Boixader Arbo, Xavier"]
[Result "1-0"]
[WhiteElo "1763"]
[BlackElo "1700"]
[PlyCount "53"]
[EventDate "2011.10.01"]
[EventType "swiss"]
[EventRounds "8"]
[EventCountry "ESP"]
[SourceTitle "EXT 2013"]
[Source "ChessBase"]
[SourceDate "2012.11.22"]
[SourceVersion "1"]
[SourceVersionDate "2012.11.22"]
[SourceQuality "1"]

1. e4 d6 2. d4 g6 3. Nf3 Bg7 4. Nc3 Nf6 5. Be3 0-0 6. Qd2 Bg4 7. 0-0-0 Nc6 8. Be2 Re8 9. h3 Bxf3 10. Bxf3 Rb8 11. g4 e5 12. d5 Ne7 13. h4 a5 14. h5 Rf8 15. Bh6 Re8 16. hxg6 fxg6 17. Bxg7 Kxg7 18. Qh6+ Kf7 19. g5 Nfg8 20. Qxh7+ Kf8 21. Bg4 b5 22. Be6 b4 23. Bxg8 Nxg8 24. Qxg6 bxc3 25. Rh8 Ke7 26. Rh7+ Kf8 27. Qf7# 1-0